000 00323nam a22001217a 4500
082 _aPRO 220
100 _aIRFAN ABBASI
_970997
245 _aPR-SOF-1402-SIMULATION OF CRICKET IN UNITY3D
260 _aISLAMABAD
_bNUST COLLEGE OF EME
_c2014
650 _aDE-COMP-32
_970998
700 _aDR SHOAB A KHAN
_918474
942 _cCR
999 _c577755
_d577755